|
|
|
|
| LEADER |
00000nab a2200000 a 4500 |
| 001 |
vtls000909429 |
| 003 |
SK-MaSNL |
| 005 |
20260302173021.0 |
| 008 |
040720e20020531xo 0 slo |
| 035 |
|
|
|a KE18357
|
| 040 |
|
|
|a KEVKJB
|b slo
|c KEVKJB
|e AACR2
|
| 041 |
0 |
|
|a slo
|
| 044 |
|
|
|a xo
|c SK
|
| 080 |
|
|
|a 943.767.1
|2 1981
|
| 100 |
1 |
|
|a Duchoň, Jozef
|4 aut
|9 317656
|
| 245 |
1 |
0 |
|a Alžbeta a Albert
|b Košice v stredoveku. Luxemburská éra. Časť dvanásta
|
| 300 |
|
|
|b 4 obr.
|
| 518 |
|
|
|a stor. 15.
|
| 650 |
0 |
7 |
|a dejiny
|2 KEVKJB
|9 3825
|
| 650 |
0 |
7 |
|a udalosti
|2 KEVKJB
|9 30129
|
| 651 |
|
7 |
|a Košice (Slovensko)
|2 KEVKJB
|9 18694
|
| 651 |
|
7 |
|a KE,
|2 KEVKJB
|9 877256
|
| 655 |
|
7 |
|a periodikum
|2 snkbucl
|9 29553
|
| 655 |
|
7 |
|a štúdie
|2 KEVKJB
|9 57033
|
| 773 |
0 |
8 |
|t Košický večer
|g Roč. 13
|g Roč. 34, 31.5.2002, s. 5
|
| 773 |
0 |
8 |
|i Príl.:
|t Magazín. - Roč. 7, č. 22 (2002)
|
| 852 |
|
|
|a ZVYKNI
|b KIS3GCP
|
| 999 |
|
|
|c 1400375
|d 1402305
|